<?xml version="1.0" encoding="UTF-8"?>
<record
    xmlns:xsi="http://www.w3.org/2001/XMLSchema-instance"
    xsi:schemaLocation="http://www.loc.gov/MARC21/slim http://www.loc.gov/standards/marcxml/schema/MARC21slim.xsd"
    xmlns="http://www.loc.gov/MARC21/slim">

  <leader>01084nam0a22002531  4500</leader>
  <controlfield tag="001">rc\570782</controlfield>
  <controlfield tag="005">20260407143031.0</controlfield>
  <datafield tag="035" ind1=" " ind2=" ">
    <subfield code="a">(NLR Aleph) 005819441</subfield>
  </datafield>
  <datafield tag="090" ind1=" " ind2=" ">
    <subfield code="a">5463752</subfield>
    <subfield code="c">5463752</subfield>
  </datafield>
  <datafield tag="100" ind1=" " ind2=" ">
    <subfield code="a">20031121d1988    |||y0rusy50      ca</subfield>
  </datafield>
  <datafield tag="101" ind1="0" ind2=" ">
    <subfield code="a">rus</subfield>
  </datafield>
  <datafield tag="102" ind1=" " ind2=" ">
    <subfield code="a">RU</subfield>
  </datafield>
  <datafield tag="105" ind1=" " ind2=" ">
    <subfield code="a">y   |||||||||</subfield>
  </datafield>
  <datafield tag="200" ind1="1" ind2=" ">
    <subfield code="a">&#x41F;&#x443;&#x442;&#x438; &#x43F;&#x43E;&#x432;&#x44B;&#x448;&#x435;&#x43D;&#x438;&#x44F; &#x44D;&#x444;&#x444;&#x435;&#x43A;&#x442;&#x438;&#x432;&#x43D;&#x43E;&#x441;&#x442;&#x438; &#x441;&#x435;&#x43B;&#x435;&#x43A;&#x446;&#x438;&#x43E;&#x43D;&#x43D;&#x43E;-&#x43F;&#x43B;&#x435;&#x43C;&#x435;&#x43D;&#x43D;&#x43E;&#x439; &#x440;&#x430;&#x431;&#x43E;&#x442;&#x44B; &#x432; &#x441;&#x432;&#x438;&#x43D;&#x43E;&#x432;&#x43E;&#x434;&#x441;&#x442;&#x432;&#x435;</subfield>
    <subfield code="e">(&#x421;&#x431;. &#x43D;&#x430;&#x443;&#x447;.-&#x43F;&#x440;&#x43E;&#x438;&#x437;&#x432;. &#x441;&#x442;.)</subfield>
    <subfield code="f">&#x420;&#x43E;&#x441;&#x43F;&#x43B;&#x435;&#x43C;&#x43E;&#x431;&#x44A;&#x435;&#x434;&#x438;&#x43D;&#x435;&#x43D;&#x438;&#x435;. &#x412;&#x43E;&#x440;&#x43E;&#x43D;&#x435;&#x436;. &#x41D;&#x418;&#x418; &#x43F;&#x43B;&#x435;&#x43C;. &#x434;&#x435;&#x43B;&#x430;</subfield>
    <subfield code="g">[&#x41D;&#x430;&#x443;&#x447;. &#x440;&#x435;&#x434;. &#x411;.&#x422;. &#x41C;&#x430;&#x43B;&#x44B;&#x448;&#x435;&#x432;]</subfield>
  </datafield>
  <datafield tag="210" ind1=" " ind2=" ">
    <subfield code="a">&#x41C;.</subfield>
    <subfield code="c">&#x412;&#x41D;&#x418;&#x418;&#x43F;&#x43B;&#x435;&#x43C;</subfield>
    <subfield code="d">1988</subfield>
  </datafield>
  <datafield tag="215" ind1=" " ind2=" ">
    <subfield code="a">174, [1] &#x441;.</subfield>
    <subfield code="d">22</subfield>
  </datafield>
  <datafield tag="702" ind1=" " ind2="1">
    <subfield code="a">&#x41C;&#x430;&#x43B;&#x44B;&#x448;&#x435;&#x432;</subfield>
    <subfield code="b">&#x411;.&#x422;.</subfield>
    <subfield code="g">&#x411;&#x43E;&#x440;&#x438;&#x441; &#x422;&#x440;&#x43E;&#x444;&#x438;&#x43C;&#x43E;&#x432;&#x438;&#x447;</subfield>
    <subfield code="4">340</subfield>
  </datafield>
  <datafield tag="712" ind1="0" ind2="2">
    <subfield code="4">570</subfield>
    <subfield code="a">&#x412;&#x441;&#x435;&#x440;&#x43E;&#x441;&#x441;&#x438;&#x439;&#x441;&#x43A;&#x438;&#x439; &#x41D;&#x418;&#x418; &#x43F;&#x43B;&#x435;&#x43C;&#x435;&#x43D;&#x43D;&#x43E;&#x433;&#x43E; &#x434;&#x435;&#x43B;&#x430;</subfield>
    <subfield code="c">&#x43F;&#x43E;&#x441;. &#x41B;&#x435;&#x441;&#x43D;&#x44B;&#x435; &#x41F;&#x43E;&#x43B;&#x44F;&#x43D;&#x44B;, &#x41C;&#x43E;&#x441;&#x43A;&#x43E;&#x432;&#x441;&#x43A;&#x430;&#x44F; &#x43E;&#x431;&#x43B;.</subfield>
    <subfield code="3">RU\NLR\AUTH\8810014565</subfield>
    <subfield code="9">527027</subfield>
  </datafield>
  <datafield tag="801" ind1=" " ind2="0">
    <subfield code="a">RU</subfield>
    <subfield code="b">NLR</subfield>
    <subfield code="g">psbo</subfield>
  </datafield>
  <datafield tag="801" ind1=" " ind2="1">
    <subfield code="a">RU</subfield>
    <subfield code="b">ELAR</subfield>
    <subfield code="2">rusmarc</subfield>
  </datafield>
  <datafield tag="852" ind1=" " ind2=" ">
    <subfield code="a">NLR</subfield>
    <subfield code="j">88-5/5714</subfield>
  </datafield>
  <datafield tag="942" ind1=" " ind2=" ">
    <subfield code="c">BOOK</subfield>
  </datafield>
  <datafield tag="980" ind1=" " ind2=" ">
    <subfield code="a">NB</subfield>
  </datafield>
  <datafield tag="995" ind1=" " ind2=" ">
    <subfield code="5">2013-10-26</subfield>
    <subfield code="b">NLR01</subfield>
    <subfield code="c">NLR01</subfield>
    <subfield code="e">RF9</subfield>
    <subfield code="f">5819441-10</subfield>
    <subfield code="k">88-5/5714</subfield>
    <subfield code="o">0</subfield>
    <subfield code="r">BOOK</subfield>
    <subfield code="s">8855714_</subfield>
  </datafield>
</record>
